Calciatori della Serie A nella Squadra dell'anno UEFA - Statistics

Statistiche generali
  • Questo quiz è stato fatto 70 volte
  • Il punteggio medio è 20 su 25
Statistiche sulle risposte
Numero apparizioni Edizioni apparizioni Nazione Squadra Calciatore % Corretto
3 2018, 2019; 2020 Portogallo Juventus Cristiano Ronaldo
100%
1 2002 Brasile Inter Ronaldo
99%
5 2003; 2004; 2006; 2016; 2017 Italia Juventus Gianluigi Buffon
96%
3 2003; 2004; 2005 Repubblica Ceca Juventus Pavel Nedvěd
96%
1 2017 Italia Juventus Giorgio Chiellini
91%
2 2003; 2005 Italia Milan Paolo Maldini
91%
4 2002; 2003; 2004; 2007 Italia Lazio / Milan Alessandro Nesta
90%
3 2006; 2007; 2009 Brasile Milan Kaká
90%
2 2007; 2009 Svezia Inter Zlatan Ibrahimović
90%
1 2016 Italia Juventus Leonardo Bonucci
88%
2 2004; 2005 Ucraina Milan Andrij Shevchenko
87%
1 2012 Italia Juventus Andrea Pirlo
86%
1 2019 Paesi Bassi Juventus Matthijs de Ligt
86%
1 2010 Paesi Bassi Inter Wesley Sneijder
86%
2 2002; 2007 Paesi Bassi Inter / Milan Clarence Seedorf
84%
1 2006 Italia Juventus Fabio Cannavaro
84%
1 2001 Francia Juventus Zinédine Zidane
83%
1 2015 Francia Juventus Paul Pogba
81%
1 2017 Brasile Juventus Dani Alves
77%
2 2004; 2005 Brasile Milan Cafu
75%
1 2001 Francia Juventus David Trezeguet
67%
1 2010 Brasile Inter Maicon
67%
1 2006 Italia Juventus Gianluca Zambrotta
62%
2 2011; 2012 Brasile Milan Thiago Silva
57%
1 2001 Romania Milan Cosmin Contra
9%
Nessun quiz corrispondente trovato
Distribuzione punteggi
Percentuale di utenti per punteggio
Percentile per numero di risposta
I tuoi punteggi nel tempo
Non hai fatto questo quiz